| 000 | 01238nam0a2200325 4500 | ||
|---|---|---|---|
| 001 | RU\NLR\bibl\538661 | ||
| 005 | 20250609153126.0 | ||
| 021 |
_aRU _b2004-6853 _9350 |
||
| 035 | _aRSL-KNO-002409831 | ||
| 035 | _a(NLR Aleph) 000530918 | ||
| 090 |
_a1352533 _c1352533 |
||
| 100 | _a20040312d2004 |||y0rusy50 ca | ||
| 101 | 0 | _arus | |
| 102 | _aRU | ||
| 105 | _ay ||||||||| | ||
| 106 | _ar | ||
| 200 | 1 |
_aКлассификация основных средств, включаемых в амортизационные группы _f[Науч. ред. Е. Б. Елгина] |
|
| 210 |
_aМ. _cРос. налоговый курьер _cСтатус-Кво 97 _d2004 _eПИК ВИНИТИ |
||
| 215 |
_a95 с. _cтабл. _d20 |
||
| 225 | 1 |
_aБиблиотека налогоплательщика _x1727-3900 |
|
| 606 | 0 |
_aОсновные средства _xУчет _yРоссийская Федерация _92096407 _3RU\NLR\auth\661268384 |
|
| 686 |
_aУ051.9(2)0-571.1-022.2я2 _2rubbk |
||
| 686 | _aУ052.9(2)2-145.711 | ||
| 702 | 1 |
_aЕлгина _bЕ. Б. _4340 |
|
| 801 | 0 |
_aRU _bRuMoRKP _c20040312 _gPSBO |
|
| 801 | 1 |
_aRU _bRuMoRKP _c20040312 |
|
| 801 | 2 |
_aRU _bNLR _c20040709 _gPSBO |
|
| 942 | _cBOOK | ||
| 980 | _aNB | ||